Lifelong learning: (Record no. 33689)
[ view plain ]
| 000 -LEADER | |
|---|---|
| fixed length control field | 00555nam a22001337a 4500 |
| 008 - FIXED-LENGTH DATA ELEMENTS--GENERAL INFORMATION | |
| fixed length control field | 090306t xxu||||| |||| 00| 0 eng d |
| 050 ## - LIBRARY OF CONGRESS CALL NUMBER | |
| Classification number | BV1488 |
| Item number | .L54 1997 |
| 245 ## - TITLE STATEMENT | |
| Title | Lifelong learning: |
| Remainder of title | a guide to adult education in the church |
| Statement of responsibility, etc | edited by Rebecca Grothe |
| 260 ## - PUBLICATION, DISTRIBUTION, ETC. (IMPRINT) | |
| Place of publication, distribution, etc | Minneapolis |
| Name of publisher, distributor, etc | Augsburgh |
| Date of publication, distribution, etc | 1997 |
| 300 ## - PHYSICAL DESCRIPTION | |
| Extent | 237 p.; |
| Dimensions | 23cm. |
| 650 ## - SUBJECT ADDED ENTRY--TOPICAL TERM | |
| Topical term following geographic name as entry element | Christian education of adults |
| 942 ## - ADDED ENTRY ELEMENTS (KOHA) | |
| Source of classification or shelving scheme | Library of Congress Classification |
| Item type | Book |
| Withdrawn status | Lost status | Source of classification or shelving scheme | Damaged status | Not for loan | Collection code | Home library | Current library | Shelving location | Date acquired | Total Checkouts | Full call number | Barcode | Date last borrowed | Price effective from | Koha item type |
|---|---|---|---|---|---|---|---|---|---|---|---|---|---|---|---|
| Library of Congress Classification | Non-fiction | Nairobi Campus | Nairobi Campus | General Circulation | 06/03/2009 | 4 | BV1488 .L54 1997 | 002290 | 08/11/2013 | 06/03/2009 | Book |